Car Makes - 378 Brands! - Statistics

General Stats
  • This quiz has been taken 1,534 times
    1,533 since last reset
  • The average score is 63 of 378
Answer Stats
Cars % Correct
Ford
91%
Toyota
87%
BMW
86%
Ferrari
86%
Audi
85%
Mercedes Benz
85%
Honda
83%
Lamborghini
83%
Volkswagen
83%
Chevrolet
82%
Hyundai
80%
Nissan
77%
Fiat
75%
Dodge
74%
Porsche
74%
Kia
71%
Volvo
71%
Peugeot
70%
Bugatti
69%
Jeep
68%
Tesla
68%
Alfa Romeo
67%
Aston Martin
67%
MAZ
66%
Mitsubishi
66%
Bentley
65%
Renault
65%
Citroen
64%
Land Rover
63%
Mini
63%
Subaru
63%
General Motors
62%
Jaguar
62%
Mazda
62%
Skoda
62%
Cadillac
61%
Rolls Royce
61%
Opel
60%
Suzuki
60%
Lexus
59%
McLaren
58%
AC
57%
Chrysler
57%
SEAT
56%
Maserati
55%
Saab
52%
Acura
51%
Buick
51%
Lada
51%
Lincoln
49%
Pontiac
47%
GMC
46%
Koenigsegg
46%
Lotus
46%
Pagani
46%
Vauxhall
46%
Dacia
45%
Infiniti
45%
Abarth
41%
Lancia
41%
RAM
41%
Tata
41%
MG
40%
Smart
40%
Hummer
38%
Oldsmobile
37%
Rover
37%
Alpine
35%
Isuzu
35%
Maybach
35%
Mercury
35%
Holden
34%
Saturn
33%
Daewoo
32%
Daihatsu
31%
BYD
30%
Datsun
30%
MAN
30%
AMC
27%
Daimler
27%
Genesis
27%
Plymouth
27%
Scania
27%
Austin
26%
Scion
26%
SsangYong
26%
DS
24%
Geely
23%
Polestar
23%
Alpina
22%
Ariel
22%
Caterham
22%
KTM
22%
Rimac
21%
Brabus
20%
Morgan
20%
TVR
20%
Zenvo
20%
Hennessey
19%
DAF
18%
Iveco
18%
Morris
18%
Spyker
18%
Fisker
17%
Ascari
16%
Proton
16%
Rivian
16%
Saleen
16%
Apollo
15%
Chery
15%
De Tomaso
15%
Lucid
15%
RUF
15%
Triumph
15%
GAZ
14%
Tatra
14%
Gumpert
13%
Mahindra
13%
Noble
13%
Eagle
12%
Great Wall
12%
Mack
12%
Mercedes AMG
12%
W Motors
12%
BAC
11%
Donkervoort
11%
Geo
11%
NIO
11%
Peterbilt
11%
Pininfarina
11%
SSC
11%
BMW M
10%
International
10%
Karma
10%
Talbot
10%
ABT
9%
Hino
9%
JAC
9%
Jensen
9%
Kenworth
9%
Lagonda
9%
Mansory
9%
Packard
9%
UAZ
9%
Bowler
8%
Bristol
8%
Changan
8%
Ford Mustang
8%
Ginetta
8%
HSV
8%
Leyland
8%
Ligier
8%
Mitsuoka
8%
Radical
8%
Studebaker
8%
Wiesmann
8%
XPeng
8%
ZAZ
8%
Aixam
7%
Audi Sport
7%
Brilliance
7%
Dongfeng
7%
Duesenberg
7%
Edsel
7%
Freightliner
7%
Hongqi
7%
Lynk And Co
7%
Perodua
7%
Simca
7%
Singer
7%
Troller
7%
Ultima
7%
Wartburg
7%
Wuling
7%
9FF
6%
Artega
6%
Autobianchi
6%
Bertone
6%
Borgward
6%
Chevrolet Corvette
6%
DeSoto
6%
FSO
6%
Haval
6%
Hillman
6%
Horch
6%
Hudson
6%
Iso
6%
Kamaz
6%
Landwind
6%
Mosler
6%
Panoz
6%
Venturi
6%
VinFast
6%
Zastava
6%
Arrinera
5%
Bizzarrini
5%
Caparo
5%
DKW
5%
Dodge Viper
5%
Faraday Future
5%
Foton
5%
Lifan
5%
Lister
5%
Lloyd
5%
Luxgen
5%
Microcar
5%
Qoros
5%
Sterling
5%
TechArt
5%
Vector
5%
WEY
5%
Zenos
5%
Alvis
4%
Arash
4%
Aspark
4%
Cizeta
4%
Delage
4%
FAW
4%
FPV
4%
Haima
4%
Hispano Suiza
4%
Lordstown
4%
NEVS
4%
Nikola
4%
Nissan GTR
4%
PGO
4%
Rezvani
4%
Riley
4%
Roewe
4%
Western Star
4%
Yulon
4%
BAIC Motor
3%
Baojun
3%
Canoo
3%
David Brown
3%
Devel Sixteen
3%
Drako
3%
Elfin
3%
ERF
3%
Isdera
3%
Jetta
3%
JMC
3%
Kaiser
3%
Li Auto
3%
Marcos
3%
Maxus
3%
Mazzanti
3%
Merkur
3%
Navistar
3%
Nissan Nismo
3%
Paccar
3%
Renault Samsung
3%
Rinspeed
3%
Rossion
3%
SAIC Motor
3%
Sisu
3%
Spania GTA
3%
Stutz
3%
Tramontana
3%
Tucker
3%
UD
3%
Vencer
3%
Wanderer
3%
Westfield
3%
Abadal
2%
Arcfox
2%
ARO
2%
Arrival
2%
Auburn
2%
Autobacs
2%
Berkeley
2%
Berliet
2%
Bitter
2%
Brooke
2%
Bufori
2%
Byton
2%
Carlsson
2%
Changfeng
2%
DINA
2%
Eicher
2%
Elemental
2%
Elva
2%
Exeed
2%
Facel Vega
2%
Gillet
2%
Golden Dragon
2%
Hafei
2%
Hommell
2%
IH
2%
IKCO
2%
Innocenti
2%
Irizar
2%
Laraki
2%
LEVC
2%
Mastretta
2%
Melkus
2%
Oltcit
2%
OSCA
2%
Panhard
2%
Pegaso
2%
Praga
2%
Rambler
2%
Setra
2%
Tauro
2%
Toyota Alphard
2%
Toyota Century
2%
Toyota Crown
2%
Trion
2%
VLF
2%
Willys Overland
2%
Workhorse
2%
Zarooq Motors
2%
Zotye
2%
Abbott Detroit
1%
Alta
1%
Askam
1%
Atalanta
1%
Axon
1%
BeiBen
1%
Bestune
1%
BharatBenz
1%
Brammo
1%
CAMC
1%
Cisitalia
1%
Cole
1%
Dartz
1%
Dayun
1%
Diatto
1%
EDAG
1%
Englon
1%
FAW Jiefang
1%
Fioravanti
1%
Foden
1%
Franklin
1%
GAC Group
1%
Gardner Douglas
1%
Geometry
1%
Gilbern
1%
Gonow
1%
Grinnall
1%
Hawtai
1%
Higer
1%
Hindustan Motors
1%
Hongyan
1%
Hupmobile
1%
IC Bus
1%
Intermeccanica
1%
Jawa
1%
Karlmann King
1%
Keating
1%
King Long
1%
Lobini
1%
Marlin
1%
MK
1%
Pierce Arrow
1%
Prodrive
1%
Saipa
1%
Shacman
1%
Singulato
1%
Sinotruk
1%
Spirra
1%
Suffolk
1%
Vandenbrink
1%
Venucia
1%
Weltmeister
1%
Yutong
1%
Zinoro
1%
Corre La Licorne
0%
Detroit Electric
0%
Eterniti
0%
Force Motors
0%
JBA Motors
0%
MEV
0%
Premier
0%
Ranz
0%
Ronart
0%
Soueast
0%
Zhongtonh
0%
No matching quizzes found
Score Distribution
Percent of People with Each Score
Percentile by Number Answered
Your Score History
You have not taken this quiz since the last reset